<?xml version="1.0" encoding="UTF-8"?>
<record
    xmlns:xsi="http://www.w3.org/2001/XMLSchema-instance"
    xsi:schemaLocation="http://www.loc.gov/MARC21/slim http://www.loc.gov/standards/marcxml/schema/MARC21slim.xsd"
    xmlns="http://www.loc.gov/MARC21/slim">

  <leader>01713nam0a2200349   4500</leader>
  <controlfield tag="001">RU\NLR\bibl\358865</controlfield>
  <controlfield tag="005">20250621155954.0</controlfield>
  <datafield tag="010" ind1=" " ind2=" ">
    <subfield code="a">5-352-00244-6</subfield>
    <subfield code="b">&#x412; &#x43F;&#x435;&#x440;.</subfield>
    <subfield code="9">7000</subfield>
  </datafield>
  <datafield tag="021" ind1=" " ind2=" ">
    <subfield code="a">RU</subfield>
    <subfield code="b">2002-53739</subfield>
    <subfield code="9">2611</subfield>
  </datafield>
  <datafield tag="035" ind1=" " ind2=" ">
    <subfield code="a">(NLR Aleph) 000353493</subfield>
  </datafield>
  <datafield tag="090" ind1=" " ind2=" ">
    <subfield code="a">290767</subfield>
    <subfield code="c">290767</subfield>
  </datafield>
  <datafield tag="100" ind1=" " ind2=" ">
    <subfield code="a">20030109d2002    |||y0rusy50      ca</subfield>
  </datafield>
  <datafield tag="101" ind1="1" ind2=" ">
    <subfield code="a">rus</subfield>
    <subfield code="c">ger</subfield>
  </datafield>
  <datafield tag="102" ind1=" " ind2=" ">
    <subfield code="a">RU</subfield>
  </datafield>
  <datafield tag="105" ind1=" " ind2=" ">
    <subfield code="a">y   |||||||||</subfield>
  </datafield>
  <datafield tag="200" ind1="1" ind2=" ">
    <subfield code="a">&#x417;&#x430;&#x432;&#x435;&#x442; &#x41A;&#x43E;&#x43B;&#x44C;&#x446;&#x430;</subfield>
    <subfield code="e">&#x410;&#x43D;&#x442;&#x43E;&#x43B;&#x43E;&#x433;&#x438;&#x44F;</subfield>
    <subfield code="f">[&#x421;&#x43E;&#x441;&#x442;. &#x421;. &#x411;&#x430;&#x443;&#x44D;&#x440;</subfield>
    <subfield code="g">&#x41F;&#x435;&#x440;. &#x441; &#x43D;&#x435;&#x43C;. &#x415;. &#x428;&#x443;&#x448;&#x43B;&#x435;&#x431;&#x438;&#x43D;&#x43E;&#x439;, &#x413;. &#x41D;&#x43E;&#x442;&#x43A;&#x438;&#x43D;&#x430;]</subfield>
  </datafield>
  <datafield tag="210" ind1=" " ind2=" ">
    <subfield code="a">&#x421;&#x41F;&#x431;.</subfield>
    <subfield code="c">&#x410;&#x437;&#x431;&#x443;&#x43A;&#x430;-&#x43A;&#x43B;&#x430;&#x441;&#x441;&#x438;&#x43A;&#x430;</subfield>
    <subfield code="d">2002</subfield>
  </datafield>
  <datafield tag="215" ind1=" " ind2=" ">
    <subfield code="a">440, [2] &#x441;.</subfield>
    <subfield code="d">21</subfield>
  </datafield>
  <datafield tag="225" ind1="1" ind2=" ">
    <subfield code="a">&#x41D;&#x430;&#x441;&#x43B;&#x435;&#x434;&#x43D;&#x438;&#x43A;&#x438; &#x422;&#x43E;&#x43B;&#x43A;&#x438;&#x43D;&#x430;</subfield>
  </datafield>
  <datafield tag="327" ind1="1" ind2=" ">
    <subfield code="a">&#x421;&#x43E;&#x434;&#x435;&#x440;&#x436;.: &#x414;&#x436;&#x435;&#x440;&#x435;&#x43C;&#x438; &#x411;&#x435;&#x437;&#x437;&#x435;&#x43C;&#x435;&#x43B;&#x44C;&#x43D;&#x44B;&#x439; &#x438; &#x434;&#x440;&#x430;&#x43A;&#x43E;&#x43D; / &#x41A;. &#x413;&#x438;&#x440;. &#x411;&#x430;&#x440;&#x430;&#x431;&#x430;&#x43D;&#x44B; &#x432; &#x433;&#x43B;&#x443;&#x431;&#x438;&#x43D;&#x435; / &#x410;.&#x410;. &#x425;&#x43E;&#x439;&#x441;&#x43A;&#x435;&#x441;. &#x41A;&#x430;&#x43C;&#x435;&#x43D;&#x43D;&#x430;&#x44F; &#x434;&#x443;&#x448;&#x430; / &#x414;. &#x428;&#x43C;&#x438;&#x434;&#x442;. &#x41F;&#x440;&#x438;&#x43A;&#x43B;&#x44E;&#x447;&#x435;&#x43D;&#x438;&#x439; &#x43D;&#x435; &#x431;&#x44B;&#x432;&#x430;&#x435;&#x442; / &#x420;. &#x428;&#x443;&#x43C;&#x430;&#x445;&#x435;&#x440;. &#x41F;&#x435;&#x441;&#x43D;&#x44C; &#x432;&#x43E;&#x43B;&#x43D;&#x44B; / &#x413;.&#x412;. &#x41F;&#x435;&#x448;. &#x421;&#x44B;&#x43D; &#x43B;&#x443;&#x434;&#x438;&#x43B;&#x44C;&#x449;&#x438;&#x43A;&#x430; / &#x420;. &#x41B;&#x435;&#x43E;. &#x41E;&#x441;&#x442;&#x440;&#x43E;&#x432; &#x44D;&#x43B;&#x44C;&#x444;&#x43E;&#x432; / &#x424;. &#x420;&#x435;&#x444;&#x435;&#x43B;&#x44C;&#x434;. &#x427;&#x435;&#x442;&#x432;&#x435;&#x440;&#x442;&#x43E;&#x435; &#x44F;&#x439;&#x446;&#x43E; &#x434;&#x440;&#x430;&#x43A;&#x43E;&#x43D;&#x430; / &#x412;. &#x427;&#x435;&#x445;. &#x424;&#x438;&#x43D;&#x440;&#x430;&#x435;&#x43B;&#x44C; &#x422;&#x435;&#x43C;&#x43D;&#x44B;&#x439; / &#x42D;. &#x414;&#x438;&#x43B;&#x43B;&#x438;&#x43D;&#x433;&#x435;&#x440;. &#x427;&#x438;&#x441;&#x442;&#x43E;&#x435; &#x441;&#x435;&#x440;&#x434;&#x446;&#x435; / &#x425;. &#x444;&#x43E;&#x43D; &#x410;&#x43B;&#x43B;&#x432;&#x435;&#x440;&#x434;&#x435;&#x43D; &#x438; &#x434;&#x440;.</subfield>
  </datafield>
  <datafield tag="610" ind1="0" ind2=" ">
    <subfield code="a">&#x424;&#x430;&#x43D;&#x442;&#x430;&#x441;&#x442;&#x438;&#x447;&#x435;&#x441;&#x43A;&#x438;&#x435; &#x440;&#x43E;&#x43C;&#x430;&#x43D;&#x44B; &#x438; &#x440;&#x430;&#x441;&#x441;&#x43A;&#x430;&#x437;&#x44B; (&#x445;. &#x43B;.)</subfield>
  </datafield>
  <datafield tag="675" ind1=" " ind2=" ">
    <subfield code="a">821.112.2-32</subfield>
    <subfield code="v">3</subfield>
    <subfield code="z">rus</subfield>
  </datafield>
  <datafield tag="686" ind1=" " ind2=" ">
    <subfield code="a">17.82</subfield>
    <subfield code="2">rugasnti</subfield>
  </datafield>
  <datafield tag="686" ind1=" " ind2=" ">
    <subfield code="a">84(4&#x413;&#x435;&#x43C;)-44</subfield>
    <subfield code="2">rubbk</subfield>
  </datafield>
  <datafield tag="686" ind1=" " ind2=" ">
    <subfield code="a">&#x428;6(0)07-94{&#x41B;&#x445;150-30}</subfield>
  </datafield>
  <datafield tag="702" ind1=" " ind2="1">
    <subfield code="a">&#x411;&#x430;&#x443;&#x44D;&#x440;</subfield>
    <subfield code="b">&#x421;.</subfield>
    <subfield code="g">&#x421;&#x442;&#x438;&#x432;&#x435;&#x43D;</subfield>
    <subfield code="4">220</subfield>
  </datafield>
  <datafield tag="801" ind1=" " ind2="0">
    <subfield code="a">RU</subfield>
    <subfield code="b">RKP</subfield>
    <subfield code="c">20030109</subfield>
    <subfield code="g">PSBO</subfield>
  </datafield>
  <datafield tag="801" ind1=" " ind2="1">
    <subfield code="a">RU</subfield>
    <subfield code="b">RKP</subfield>
    <subfield code="c">20030109</subfield>
  </datafield>
  <datafield tag="801" ind1=" " ind2="2">
    <subfield code="a">RU</subfield>
    <subfield code="b">NLR</subfield>
    <subfield code="c">20030210</subfield>
    <subfield code="g">rcr</subfield>
  </datafield>
  <datafield tag="942" ind1=" " ind2=" ">
    <subfield code="c">BOOK</subfield>
  </datafield>
  <datafield tag="980" ind1=" " ind2=" ">
    <subfield code="a">NB</subfield>
  </datafield>
  <datafield tag="995" ind1=" " ind2=" ">
    <subfield code="5">2003-01-23</subfield>
    <subfield code="a">ad</subfield>
    <subfield code="b">NLR01</subfield>
    <subfield code="c">NLR01</subfield>
    <subfield code="e">RF3</subfield>
    <subfield code="f">407539</subfield>
    <subfield code="k">2003-3/1673</subfield>
    <subfield code="o">0</subfield>
    <subfield code="r">BOOK</subfield>
    <subfield code="s">200331673_</subfield>
  </datafield>
  <datafield tag="995" ind1=" " ind2=" ">
    <subfield code="5">2003-01-23</subfield>
    <subfield code="a">ad</subfield>
    <subfield code="b">NLR01</subfield>
    <subfield code="c">NLR01</subfield>
    <subfield code="e">RF3</subfield>
    <subfield code="f">407541</subfield>
    <subfield code="k">2003-3/1673</subfield>
    <subfield code="o">0</subfield>
    <subfield code="r">BOOK</subfield>
    <subfield code="s">200331673_</subfield>
  </datafield>
</record>
